Alea - dívka moře: Velrybí zpěv (Část 1) /
Alea a její přátelé budou po návratu domů čelit větším hrozbám než kdy dřív. Jak mohou zastavit grecery, kteří do Tyrhénského moře vypouštějí toxický průmyslový odpad? Ničení moře nabývá obludných rozměrů a velký klimatický koncert v Římě se stává pro Alfu cru zkouškou. Při tomto vystoupení nebudou...
Uloženo v:
| Série: | Alea, dívka moře,
část 9 |
|---|---|
| Hlavní autor: | |
| Médium: | E-kniha |
| Jazyk: | Czech |
| Vydáno: |
Praha :
Albatros Media a.s.,
2024
|
| Příbuzné jednotky: | Z cyklu::
Alea, dívka moře |
| Tagy: |
Žádné tagy |
| LEADER | 01566nam a22002417i 4500 | ||
|---|---|---|---|
| 001 | 312578 | ||
| 007 | ta | ||
| 008 | 260601s2024 xr ||||| |||| 00| 0 cze d | ||
| 020 | |a 9788025367599 | ||
| 044 | |a xr | ||
| 100 | 1 | |a Stewnerová, Tanya |4 aut | |
| 245 | 1 | 0 | |a Alea - dívka moře: Velrybí zpěv (Část 1) / |c Stewnerová, Tanya |
| 240 | 1 | 0 | |a Alea Aquarius 9 - Der Gesang der Wale |
| 264 | 1 | |a Praha : |b Albatros Media a.s., |c 2024 | |
| 300 | |a 1 online zdroj (272 stran) | ||
| 336 | |a text |b txt |2 rdacontent | ||
| 337 | |a bez média |b n |2 rdamedia | ||
| 338 | |a online zdroj |b cr |2 rdacarrier | ||
| 520 | 2 | |a Alea a její přátelé budou po návratu domů čelit větším hrozbám než kdy dřív. Jak mohou zastavit grecery, kteří do Tyrhénského moře vypouštějí toxický průmyslový odpad? Ničení moře nabývá obludných rozměrů a velký klimatický koncert v Římě se stává pro Alfu cru zkouškou. Při tomto vystoupení nebudou riskovat nic menšího než své životy, protože doktor Orion je má stále na mušce. Udeří přímo na stadionu? | |
| 787 | 0 | 8 | |g 9 |i Z cyklu: |t Alea, dívka moře |
| 910 | |a RBIT002 | ||
| 998 | |d 415827 |a https://core.palmknihy.cz/api/books/415827/cover?sn9y4f |b https://core.palmknihy.cz/api/books/415827/cover/400?sn9y4f |c https://core.palmknihy.cz/api/books/415827/cover/50?sn9y4f |e 2028-11-27 |g 272 |i 9788025367599 |j https://core.palmknihy.cz/api/books/415827/preview.epub |k https://core.palmknihy.cz/api/books/415827/preview.pdf |l |q 49 |r 1 |s https://www.palmknihy.cz/kniha/415827 |t ebook |y 2024 |z 1 |v Alea, dívka moře |w 9 | ||
| 999 | |d 312576 | ||